El diagnóstico pedagógico en la educación infantil /

Detalles Bibliográficos
Autor principal: Colmenar Orzaes, Carmen
Formato: Libro
Lenguaje:inglés

MARC

LEADER 00000cam a2200000 a 4500
001 040085
003 UAHC_CL
005 20170803124423.0
008 060714b xx j 000 1 eng
040 |a UAHC_CL  |c UAHC_CL  |d UAHC_CL 
100 1 |a Colmenar Orzaes, Carmen 
245 1 3 |a El diagnóstico pedagógico en la educación infantil /  |c Narciso García Nieto. 
500 |a Revista Complutense de Educación. --Vol. 6, Nº1 (1995) pp. 73-100. 
900 |a REV. COMPLUT. EDUC.-01/95 
942 |c BK 
999 |c 40085  |d 40085